000 00772nam a2200217Ia 4500
003 OSt
005 20220923221713.0
006 a|||||r|||| 00| 0
007 ta
008 220922b |||||||| |||| 00| 0 hin d
024 _a199,492
037 _cTextual
040 _aARTS
_cARTS
_bhin
041 _2hin
_ahin
082 _aQ1:9, 152K5
100 _aभटट्ाचार्य, रामशंकर
245 0 _aपुराणगत वेदविषयक सामग्री का समीक्षात्मक अध्ययन
246 _aPurāṇagat vedaviṣhayak sāmagrī kā samīkṣhātmak adhyayana
942 _hQ1:9, 152K5
_cTEXL
_2CC
999 _c351232
_d351232